| 000 | 01947cam a22004454i 4500 | ||
|---|---|---|---|
| 003 | PE-LiUPU | ||
| 005 | 20250731173253.0 | ||
| 008 | 150625s r 000 0 d | ||
| 035 | _a(Sirsi) a35625 | ||
| 040 |
_aPE-LiUPU _bspa _cPE-LiUPU _erda |
||
| 082 | 0 | 4 |
_a239 _bG25 _221 |
| 100 | 1 |
_aGaraudy, Roger, _eautor. |
|
| 245 | 1 | 0 |
_aDel anatema al dialogo / _cCon las ponencias de Karl Rahner y J.B. Metz [Traductora de los textos franceses: B. Mira de Maragall. Traductor de los textos alemanes: Michael Faber-Kaiser. |
| 264 | 1 |
_aEspaña : _bLibros del Nopal. Ariel, _c1971. |
|
| 300 |
_a173páginas ; _c19cm. |
||
| 336 |
_atext _2rdacontent |
||
| 337 |
_aunmediated _2rdamedia |
||
| 338 |
_avolume _2rdacarrier |
||
| 505 | 0 | _aUtopía Marxista y futuro cristiano del hombre. Karl Rahner.-Del anatema al diálogo. Un marxista se dirige al Concilio, Necesidad y posibilidad del diálogo, Los cristianos se hacen conscientes de lo que en ellos es fundamental, Los marxistas se hacen conscientes de lo que en ellos es fundamental. Roger Garaudy.-El sentido de la vida y de la historia, en la obra de Marx y en la de Teilhard de Chardin. Roger Garaudy.-Respuesta a Garaudy. J. B. Metz. | |
| 526 | _aSEG42 | ||
| 526 | _aSEG41 | ||
| 526 | _aSEG40 | ||
| 526 | _aSEG39 | ||
| 526 | _aP94 | ||
| 526 | _aP87 | ||
| 526 | _aP86 | ||
| 526 | _aP85 | ||
| 526 | _aP77 | ||
| 526 | _aP76 | ||
| 526 | _aP35 | ||
| 650 | 0 | 4 | _aSocialismo y cristianismo. |
| 700 | 1 | _aRahner, Karl | |
| 700 | 1 | _aMetz, Johann Baptist (1928-. | |
| 910 | _a | ||
| 942 |
_2ddc _cBOOK |
||
| 949 |
_a239 G25 _wDEWEY _c1 _i39103 _lCCODEBUL1 _mBUL _p00.00 _r0 _sY _tBOOK _u2015-06-25 _xBIBLIOTECA _zUNKNOWN _0COMPRA _o.STAFF. Colección General |
||
| 596 | _a1 | ||
| 999 |
_a239 G25 _wDEWEY _c43610 _i39103 _f2021-11-11 _g5 _lCCODEBUL1 _mBUL _r0 _sY _tBOOK _u2015-6-25 _xTEOLOGIA _zUNKNOWN _0COMPRA _o.STAFF. Colección General _d43610 |
||
| 980 |
_81 _gALBERTO SANCHEZ Responsable de Automatización |
||